Righteous mind: why good people are divided by politics and religion (Record no. 1435024)

MARC details
000 -LEADER
fixed length control field 01125nam a2200205 4500
005 - DATE AND TIME OF LATEST TRANSACTION
control field 20250830150133.0
008 - FIXED-LENGTH DATA ELEMENTS--GENERAL INFORMATION
fixed length control field 250830b |||||||| |||| 00| 0 eng d
037 ## - SOURCE OF ACQUISITION
Terms of availability Textual
040 ## - CATALOGING SOURCE
Original cataloging agency RTL
Transcribing agency RTL
084 ## - COLON CLASSIFICATION NUMBER
Classification number Y:3(NR), Q2
Assigning agency RTL
100 ## - MAIN ENTRY--PERSONAL NAME
Personal name Haidt, Jonathan
9 (RLIN) 338872
245 ## - TITLE STATEMENT
Title Righteous mind: why good people are divided by politics and religion
260 ## - PUBLICATION, DISTRIBUTION, ETC.
Place of publication, distribution, etc. New York
Name of publisher, distributor, etc. Penguin Books
Date of publication, distribution, etc. 2012
300 ## - PHYSICAL DESCRIPTION
Extent xviii, 500 p.
Other physical details Includes bibliographical references and index
520 ## - SUMMARY, ETC.
Summary, etc. Jonathan Haidt reveals that we often find it hard to get along because our minds are hardwired to be moralistic, judgemental and self-righteous. He explores how morality evolved to enable us to form communities, and how moral values are not just about justice and equality - for some people authority, sanctity or loyalty matter more. Morality binds and blinds, but, using his own research, Haidt proves it is possible to liberate ourselves from the disputes that divide good people.
650 ## - SUBJECT ADDED ENTRY--TOPICAL TERM
Topical term or geographic name entry element Ethics
650 ## - SUBJECT ADDED ENTRY--TOPICAL TERM
Topical term or geographic name entry element Social psychology
650 ## - SUBJECT ADDED ENTRY--TOPICAL TERM
Topical term or geographic name entry element Psychology, Religious
9 (RLIN) 819506
942 ## - ADDED ENTRY ELEMENTS (KOHA)
Source of classification or shelving scheme Colon Classification (CC)
Suppress in OPAC No
Koha item type Textual
Classification part Y:3(NR), Q2
Holdings
Withdrawn status Lost status Source of classification or shelving scheme Damaged status Not for loan Home library Current library Date acquired Total Checkouts Full call number Barcode Date last seen Price effective from Koha item type
    Colon Classification (CC)     Ratan Tata Library Ratan Tata Library 2025-08-30   Y:3(NR), Q2 RT1462406 2025-08-30 2025-08-30 Textual
Copyright @ Delhi University Library System